[Event "XXVIII Festival Conca della Presolana 1N"]
[Site "Bratto - Castione della Presolana ITA"]
[Date "2008.08.23"]
[Round "1"]
[White "Franzini, Stefano"]
[Black "Caputi, Giuliano"]
[Result "0-1"]
[WhiteElo "1860"]
[BlackElo "1978"]
[PlyCount "24"]
[EventDate "2008.08.23"]

1. e4 c6 2. d4 d5 3. f3 dxe4 4. fxe4 e5 5. Nf3 exd4 6. Bc4 Bg4 7. c3 dxc3 8.
Bxf7+ Ke7 9. Bg5+ Nf6 10. Bxf6+ gxf6 11. Qb3 Qb6 12. Bh5 Bxh5 0-1

[Event "XXVIII Festival Conca della Presolana 1N"]
[Site "Bratto - Castione della Presolana ITA"]
[Date "2008.08.23"]
[Round "1"]
[White "Gambarino, Federico"]
[Black "Mandolini, Riccardo"]
[Result "0-1"]
[WhiteElo "1847"]
[BlackElo "1946"]
[PlyCount "88"]
[EventDate "2008.08.23"]

1. e4 Nc6 2. Nf3 e5 3. Bb5 a6 4. Ba4 Nf6 5. O-O Be7 6. c3 b5 7. Bc2 O-O 8. d4
d6 9. h3 Re8 10. a4 Bb7 11. d5 Nb8 12. Re1 c6 13. axb5 axb5 14. Rxa8 Bxa8 15.
dxc6 Bxc6 16. Na3 Nbd7 17. Bg5 Qc7 18. Qe2 Qb7 19. Bd3 Rb8 20. b4 Nf8 21. Nd2
Ne6 22. Bxf6 Bxf6 23. g3 Qd7 24. h4 Nc7 25. Nb3 Qh3 26. Na5 Bd7 27. Qf1 Qg4 28.
Qe2 Qh3 29. Qe3 Ne6 30. Bf1 Qg4 31. Qe2 Qg6 32. Kh2 Qh6 33. f3 g5 34. Qe3 Qh5
35. Rd1 Be7 36. Qa7 Qxf3 37. Qxb8+ Kg7 38. Bg2 Qxd1 39. Nxb5 gxh4 40. gxh4 Nf4
41. Nxd6 Qd2 42. Nf5+ Bxf5 43. Qxe5+ Bf6 44. Qxf4 Qxf4+ 0-1

[Event "XXVIII Festival Conca della Presolana 1N"]
[Site "Bratto - Castione della Presolana ITA"]
[Date "2008.08.23"]
[Round "1"]
[White "Guzzetti, Luigi Enrico"]
[Black "Villa, Claudio"]
[Result "1/2-1/2"]
[WhiteElo "1739"]
[BlackElo "1863"]
[PlyCount "91"]
[EventDate "2008.08.23"]

1. e4 e5 2. Nf3 d6 3. d4 Nd7 4. Bc4 c6 5. O-O Be7 6. Nc3 Ngf6 7. Qe2 Qc7 8.
Bxf7+ Kxf7 9. Qc4+ d5 10. exd5 Nb6 11. Nxe5+ Qxe5 12. dxe5 Nxc4 13. exf6 Bxf6
14. dxc6 bxc6 15. Nd1 Rb8 16. c3 Re8 17. Bf4 Rb7 18. b3 Ne5 19. Ne3 Nd3 20. Bg3
Bxc3 21. Rad1 Rd7 22. Nc4 Bb4 23. a3 Bf8 24. Rd2 g6 25. Rfd1 Red8 26. Rxd3 Rxd3
27. Rxd3 Rxd3 28. Ne5+ Ke6 29. Nxd3 Bxa3 30. Kf1 Ba6 31. Ke2 Kd5 32. Kd2 Bb5
33. Bb8 a6 34. Nf4+ Ke4 35. f3+ Kf5 36. Nd3 g5 37. g4+ Ke6 38. f4 h6 39. f5+
Kd5 40. Ne5 Bf1 41. Ke3 Bc5+ 42. Kf3 Bd4 43. Nf7 Bg7 44. Bc7 Bd3 45. Bd8 c5 46.
f6 1/2-1/2

[Event "XXVIII Festival Conca della Presolana 1N"]
[Site "Bratto - Castione della Presolana ITA"]
[Date "2008.08.23"]
[Round "1"]
[White "Lanni, Vincenzo"]
[Black "Pulvirenti, Gianni"]
[Result "1/2-1/2"]
[WhiteElo "1849"]
[BlackElo "1952"]
[PlyCount "98"]
[EventDate "2008.08.23"]

1. d4 Nf6 2. g3 g6 3. Bg2 Bg7 4. Nf3 d6 5. O-O O-O 6. c3 c6 7. Nbd2 Nbd7 8. e4
Qc7 9. Qc2 e5 10. dxe5 dxe5 11. b4 h6 12. h3 Nb6 13. c4 Be6 14. c5 Nbd7 15. Bb2
Nh5 16. Nc4 Rfd8 17. Nd6 b6 18. Rfd1 a5 19. cxb6 Qxb6 20. bxa5 Rxa5 21. Bc3
Raa8 22. Kh2 f6 23. Bf1 Nc5 24. Nh4 Kh7 25. Be1 Bf8 26. Nc4 Qc7 27. Rxd8 Qxd8
28. Rd1 Qc7 29. Ra1 Na4 30. Ne3 Bc5 31. Nc4 Bd4 32. Rb1 Nc5 33. Bb4 Nd7 34. Be1
Qa7 35. Na5 Rc8 36. Rb7 Qa8 37. Rb1 c5 38. Nc4 Rb8 39. Rxb8 Nxb8 40. a4 Qb7 41.
a5 Ng7 42. Nf3 Ne8 43. Nxd4 cxd4 44. Nb6 Kg7 45. Qc5 Qc7 46. Bb4 Qxc5 47. Bxc5
Nd7 48. Bb4 Nc7 49. Bd6 Ne8 1/2-1/2

[Event "XXVIII Festival Conca della Presolana 1N"]
[Site "Bratto - Castione della Presolana ITA"]
[Date "2008.08.23"]
[Round "1"]
[White "Maccarini, Luca Nicola"]
[Black "Pitrola, Carlo"]
[Result "1-0"]
[WhiteElo "1920"]
[BlackElo "1837"]
[PlyCount "53"]
[EventDate "2008.08.23"]

1. d4 d5 2. Nf3 Nf6 3. c4 c6 4. Nc3 e6 5. Bg5 Be7 6. e3 Nbd7 7. Bd3 O-O 8. O-O
dxc4 9. Bxc4 b5 10. Bb3 Bb7 11. Qe2 b4 12. Na4 Nb6 13. Nc5 Bxc5 14. dxc5 Nbd7
15. Rfd1 Qc7 16. Rd4 a5 17. Qc2 h6 18. Bh4 e5 19. Bg3 Nh5 20. Rad1 Rad8 21. Rd6
Nxg3 22. hxg3 Kh8 23. Nh4 e4 24. Qd2 Bc8 25. Qd4 h5 26. Rh6+ Kg8 27. Ng6 1-0

[Event "XXVIII Festival Conca della Presolana 1N"]
[Site "Bratto - Castione della Presolana ITA"]
[Date "2008.08.23"]
[Round "1"]
[White "Morandi, Daniele"]
[Black "Rozzoni, Davide"]
[Result "1/2-1/2"]
[WhiteElo "1988"]
[BlackElo "1861"]
[PlyCount "81"]
[EventDate "2008.08.23"]

1. e4 Nh6 2. d4 g6 3. c4 d6 4. Nc3 c6 5. f3 f5 6. Be3 Bg7 7. Qd2 Nf7 8. h4 e5
9. d5 f4 10. Bf2 c5 11. Bd3 Nd7 12. Nge2 Bh6 13. O-O-O Nf6 14. Rdg1 Nh5 15. g4
fxg3 16. Be3 Bxe3 17. Qxe3 Qf6 18. Nxg3 Nxg3 19. Rxg3 Qf4 20. Qxf4 exf4 21.
Rgg1 Ne5 22. Be2 Bd7 23. Nd1 Kf7 24. Nf2 h6 25. Nd3 Nxd3+ 26. Bxd3 Rhg8 27. Bf1
Raf8 28. Bh3 Bxh3 29. Rxh3 Kf6 30. Kc2 Rg7 31. a3 Rfg8 32. b4 b6 33. b5 g5 34.
hxg5+ hxg5 35. Rh6+ Rg6 36. Rgh1 Rxh6 37. Rxh6+ Rg6 38. Rh7 Rg7 39. Rh6+ Rg6
40. Rh7 Rg7 41. Rh6+ 1/2-1/2

[Event "XXVIII Festival Conca della Presolana 1N"]
[Site "Bratto - Castione della Presolana ITA"]
[Date "2008.08.23"]
[Round "1"]
[White "Napoli, Ferdinando"]
[Black "Cocuzzi, Edoardo"]
[Result "1-0"]
[WhiteElo "1829"]
[BlackElo "1892"]
[PlyCount "29"]
[EventDate "2008.08.23"]

1. e4 e5 2. Nf3 Nc6 3. Bb5 a6 4. Ba4 b5 5. Bb3 Bc5 6. c3 d6 7. O-O Bg4 8. h3
Bh5 9. d3 Qf6 10. Bd5 Kd7 11. g4 Qg6 12. Kh1 Bxg4 13. hxg4 Qxg4 14. Bxc6+ Kxc6
15. Nxe5+ 1-0

[Event "XXVIII Festival Conca della Presolana 1N"]
[Site "Bratto - Castione della Presolana ITA"]
[Date "2008.08.23"]
[Round "1"]
[White "Nardone, Massimo"]
[Black "Conta, Diego"]
[Result "1-0"]
[WhiteElo "1884"]
[BlackElo "1825"]
[PlyCount "45"]
[EventDate "2008.08.23"]

1. d4 d5 2. Nf3 Nf6 3. e3 e6 4. Bd3 c5 5. c3 Nc6 6. Nbd2 cxd4 7. exd4 Be7 8.
O-O O-O 9. Re1 Bd7 10. Ne5 Be8 11. f4 Bd6 12. Ndf3 Ne7 13. g4 h6 14. g5 hxg5
15. Nxg5 g6 16. Re3 Nf5 17. Rh3 Kg7 18. Bd2 a6 19. Qf3 b5 20. Kh1 Ra7 21. Rg1
Rg8 22. Nxg6 Qc8 23. Ne7 1-0

[Event "XXVIII Festival Conca della Presolana 1N"]
[Site "Bratto - Castione della Presolana ITA"]
[Date "2008.08.23"]
[Round "1"]
[White "Nepi, Ezio"]
[Black "Bonoldi, Fabio"]
[Result "1/2-1/2"]
[WhiteElo "1833"]
[BlackElo "1902"]
[PlyCount "134"]
[EventDate "2008.08.23"]

1. d4 g6 2. Bf4 Bg7 3. e3 c6 4. c4 d6 5. Nf3 Nd7 6. Nc3 Qc7 7. Be2 Ngf6 8. h3
O-O 9. O-O Ne8 10. c5 Qa5 11. cxd6 Nxd6 12. a3 Nf6 13. b4 Qd8 14. Bh2 Nd5 15.
Na4 a5 16. bxa5 Qxa5 17. Nc5 Nc3 18. Qd2 Nxe2+ 19. Qxe2 b6 20. Nb3 Qc3 21. Qd1
Be6 22. Nbd2 c5 23. Rc1 Qxa3 24. dxc5 bxc5 25. Ng5 Ba2 26. Qf3 Qd3 27. Rfd1 h6
28. Nde4 Qa3 29. Nxd6 exd6 30. Ne4 Bb3 31. Re1 d5 32. Nf6+ Kh8 33. Nxd5 Bxd5
34. Qxd5 Qb4 35. Qxc5 Qxc5 36. Rxc5 Ra1 37. Rxa1 Bxa1 38. Kf1 Bg7 39. Ke2 Kg8
40. Kf3 h5 41. Rb5 Rc8 42. Rb8 Rxb8 43. Bxb8 Kf8 44. Ke4 Ke7 45. g4 hxg4 46.
hxg4 Ke6 47. g5 Bc3 48. Ba7 Bb2 49. Bd4 Ba3 50. Bf6 Bc1 51. Kf3 Ba3 52. e4 Bc5
53. Kg3 Bb4 54. f4 Bc5 55. Kg4 Bb4 56. f5+ Kd7 57. Kf4 Bc5 58. Ke5 Bd6+ 59. Kd5
Ba3 60. fxg6 fxg6 61. e5 Bc1 62. e6+ Ke8 63. Ke4 Bd2 64. Kf3 Bc1 65. Kg4 Bd2
66. Be5 Ke7 67. Bf4 Bc3 1/2-1/2

[Event "XXVIII Festival Conca della Presolana 1N"]
[Site "Bratto - Castione della Presolana ITA"]
[Date "2008.08.23"]
[Round "1"]
[White "Oteri, Aldo"]
[Black "Saracco, Marco"]
[Result "1/2-1/2"]
[WhiteElo "1844"]
[BlackElo "1939"]
[PlyCount "94"]
[EventDate "2008.08.23"]

1. e4 c6 2. d4 d5 3. exd5 cxd5 4. c4 Nf6 5. Nc3 e6 6. Nf3 Be7 7. cxd5 Nxd5 8.
Bc4 Nb6 9. Bd3 Nc6 10. O-O O-O 11. a3 Bf6 12. Be3 g6 13. Bc2 Nd5 14. Bh6 Re8
15. Ne4 Bg7 16. Qd2 b6 17. Rfd1 Ba6 18. Rac1 Rc8 19. b4 Bb7 20. Ba4 Re7 21.
Bxg7 Kxg7 22. Bxc6 Bxc6 23. Ne5 Rec7 24. Ng4 h5 25. Qh6+ Kg8 26. Ng5 Nf6 27.
Ne5 Be8 28. Rxc7 Qxc7 29. Ngf3 Qe7 30. Rc1 Rxc1+ 31. Qxc1 Kg7 32. h3 Nd5 33.
Nc6 Qc7 34. b5 a6 35. a4 axb5 36. axb5 Ne7 37. Qc4 Nd5 38. Nfe5 f6 39. Nd3 Bf7
40. Ndb4 h4 41. Na6 Qd6 42. Ncb4 Nxb4 43. Nxb4 Be8 44. Nc6 Bd7 45. Qa4 Qc7 46.
Kf1 g5 47. Ke2 Be8 1/2-1/2

[Event "XXVIII Festival Conca della Presolana 1N"]
[Site "Bratto - Castione della Presolana ITA"]
[Date "2008.08.23"]
[Round "1"]
[White "Paganini, Andrea"]
[Black "Litrico, Paolo"]
[Result "0-1"]
[WhiteElo "1840"]
[BlackElo "1921"]
[PlyCount "84"]
[EventDate "2008.08.23"]

1. e4 c6 2. d4 d5 3. Nd2 dxe4 4. Nxe4 Bf5 5. Ng3 Bg6 6. h4 h6 7. h5 Bh7 8. Nf3
Nd7 9. Bd3 Bxd3 10. Qxd3 e6 11. Bd2 Ngf6 12. O-O-O Be7 13. Ne4 Qc7 14. c4 O-O
15. g4 Nxg4 16. Rdg1 f5 17. Nh4 Bxh4 18. Rxh4 fxe4 19. Qxe4 Ndf6 20. Qxe6+ Qf7
21. Qxf7+ Rxf7 22. Rhxg4 Nxg4 23. Rxg4 Rxf2 24. Bxh6 Rf7 25. Bf4 Kh7 26. Be5
Re8 27. Kc2 c5 28. Kd3 cxd4 29. Re4 a6 30. Bxd4 Rxe4 31. Kxe4 Kh6 32. a4 Kxh5
33. Bc3 g5 34. b4 g4 35. Kd5 g3 36. Kc5 Rc7+ 37. Kb6 Rxc4 38. Be1 g2 39. Bf2
Rxb4+ 40. Ka5 Rb1 41. Bh4 g1=Q 42. Bf2 Qg5+ 0-1

[Event "XXVIII Festival Conca della Presolana 1N"]
[Site "Bratto - Castione della Presolana ITA"]
[Date "2008.08.23"]
[Round "1"]
[White "Quagliarella, Sabino Remo"]
[Black "Roversi, Stefano"]
[Result "1-0"]
[WhiteElo "1925"]
[BlackElo "1840"]
[PlyCount "93"]
[EventDate "2008.08.23"]

1. d4 Nf6 2. Nf3 d6 3. g3 g6 4. Bg2 Bg7 5. O-O O-O 6. Nbd2 Nc6 7. e4 Bg4 8. c3
Qc8 9. Re1 e5 10. d5 Ne7 11. Nc4 b5 12. Na3 Rb8 13. Qd3 Bxf3 14. Bxf3 b4 15.
Nb5 Qa6 16. c4 Qb7 17. Be3 a6 18. Na7 Nd7 19. Rad1 f5 20. b3 f4 21. gxf4 exf4
22. Bd4 Bxd4 23. Qxd4 Ne5 24. Bh1 g5 25. Nc6 N7xc6 26. dxc6 Qxc6 27. h3 Qd7 28.
Qxe5 Qxh3 29. Qd5+ Rf7 30. Rd3 Qg4+ 31. Kf1 Kg7 32. e5 Re8 33. e6 Rf5 34. Qg2
Qh5 35. Qh3 Qg6 36. Be4 g4 37. Bxf5 Qxf5 38. Rd5 Qg6 39. Qh5 Qxh5 40. Rxh5 Kg6
41. Ra5 h5 42. Rxa6 f3 43. e7 h4 44. Kg1 Kf5 45. Ra5+ Kf4 46. Rh5 h3 47. Kh2
1-0

[Event "XXVIII Festival Conca della Presolana 1N"]
[Site "Bratto - Castione della Presolana ITA"]
[Date "2008.08.23"]
[Round "1"]
[White "Raselli, Claudio"]
[Black "Sanzani, Pierluigi"]
[Result "0-1"]
[WhiteElo "1962"]
[BlackElo "1853"]
[PlyCount "68"]
[EventDate "2008.08.23"]

1. d4 g6 2. Nf3 Nf6 3. c4 Bg7 4. Nc3 O-O 5. g3 d6 6. Bg2 c6 7. O-O Nbd7 8. e4
e5 9. Rb1 Re8 10. b4 exd4 11. Nxd4 Ne5 12. Qe2 c5 13. bxc5 dxc5 14. Ndb5 Be6
15. Rd1 Qa5 16. Nd5 Bxd5 17. cxd5 Rad8 18. f4 Neg4 19. h3 a6 20. hxg4 axb5 21.
g5 Nxd5 22. Qxb5 Qxb5 23. Rxb5 Nc3 24. Rxd8 Rxd8 25. Rxb7 Rd1+ 26. Kh2 Rxc1 27.
Rb8+ Bf8 28. Ra8 Rc2 29. a4 Ra2 30. a5 Nxe4 31. a6 Nd6 32. Kh3 c4 33. Bd5 Ra5
34. a7 c3 0-1

[Event "XXVIII Festival Conca della Presolana 1N"]
[Site "Bratto - Castione della Presolana ITA"]
[Date "2008.08.23"]
[Round "1"]
[White "Romano, Zeno"]
[Black "Dritsakos, Alessio"]
[Result "1-0"]
[WhiteElo "1948"]
[BlackElo "1848"]
[PlyCount "79"]
[EventDate "2008.08.23"]

1. e4 e5 2. Nf3 Nc6 3. Bc4 Nf6 4. d3 Be7 5. Nc3 d6 6. h3 O-O 7. Be3 Na5 8. Bb3
Nxb3 9. axb3 Re8 10. O-O a6 11. Ne2 d5 12. Ng3 Bd6 13. Qe2 b6 14. Bg5 Bb7 15.
Rfd1 h6 16. Bxf6 Qxf6 17. Nf5 Bf8 18. Nh2 g6 19. Ng4 Qh8 20. Ng3 h5 21. Ne3 h4
22. Ngf1 dxe4 23. dxe4 Bxe4 24. Rxa6 Rxa6 25. Qxa6 Qf6 26. Qc4 Qc6 27. Ng4 Kg7
28. Qxc6 Bxc6 29. Rd3 Bd6 30. Nge3 e4 31. Rc3 Bb7 32. Nc4 Bb4 33. Re3 b5 34.
Ncd2 Bc5 35. Re1 f5 36. c3 f4 37. b4 Bb6 38. Nb3 e3 39. fxe3 fxe3 40. Nc5 1-0

[Event "XXVIII Festival Conca della Presolana 1N"]
[Site "Bratto - Castione della Presolana ITA"]
[Date "2008.08.23"]
[Round "1"]
[White "Rossetti, Alberto"]
[Black "Calcagno, Stefano"]
[Result "1/2-1/2"]
[WhiteElo "1689"]
[BlackElo "1861"]
[PlyCount "37"]
[EventDate "2008.08.23"]

1. e4 c5 2. Nf3 a6 3. d4 cxd4 4. Nxd4 e5 5. Nf3 Nf6 6. Nc3 Bb4 7. Bd3 d5 8. Qe2
Bxc3+ 9. bxc3 O-O 10. O-O Qc7 11. exd5 e4 12. Bxe4 Re8 13. Nd2 Ng4 14. Nf3 Bf5
15. d6 Qxd6 16. Qd3 Qxd3 17. Bxd3 Bxd3 18. cxd3 Nc6 19. Bf4 1/2-1/2

[Event "XXVIII Festival Conca della Presolana 1N"]
[Site "Bratto - Castione della Presolana ITA"]
[Date "2008.08.23"]
[Round "1"]
[White "Rossini, Luca"]
[Black "Saccani, Ettore"]
[Result "1-0"]
[WhiteElo "1785"]
[BlackElo "1873"]
[PlyCount "97"]
[EventDate "2008.08.23"]

1. d4 Nf6 2. c4 g6 3. Nc3 Bg7 4. e4 d6 5. f3 O-O 6. Bd3 c5 7. d5 Nbd7 8. Nge2
Ne5 9. O-O Nxd3 10. Qxd3 a6 11. Be3 Bd7 12. Rab1 Rb8 13. b4 cxb4 14. Rxb4 Qc8
15. Rfb1 b5 16. cxb5 axb5 17. Nxb5 Bxb5 18. Rxb5 Qa6 19. Nc1 Rbc8 20. R1b3 Rc7
21. Ra3 Qc8 22. Nb3 Rc3 23. Qd2 Nd7 24. Bd4 Bxd4+ 25. Qxd4 Rc1+ 26. Kf2 Rc2+
27. Kg3 Nf6 28. Nd2 Qd7 29. Qd3 Rfc8 30. Rbb3 Nh5+ 31. Kf2 Nf4 32. Qe3 g5 33.
Qd4 g4 34. Qe3 Ng6 35. Qg5 gxf3 36. Rxf3 f6 37. Qe3 Ne5 38. Rg3+ Kh8 39. Kg1
Rc1+ 40. Nf1 Qb5 41. Qf2 Rxf1+ 42. Qxf1 Qb6+ 43. Kh1 Qb2 44. Rae3 Qxa2 45. h3
Rc2 46. Ra3 Rxg2 47. Rxa2 Rxg3 48. Rf2 Nd3 49. Rf3 1-0

[Event "XXVIII Festival Conca della Presolana 1N"]
[Site "Bratto - Castione della Presolana ITA"]
[Date "2008.08.23"]
[Round "1"]
[White "Rota, Simone"]
[Black "Fiorili, Roberto"]
[Result "1/2-1/2"]
[WhiteElo "1834"]
[BlackElo "1918"]
[PlyCount "127"]
[EventDate "2008.08.23"]

1. d4 f5 2. c4 Nf6 3. Nf3 g6 4. g3 Bg7 5. Bg2 O-O 6. O-O d6 7. Nc3 Nc6 8. d5
Na5 9. Qd3 c5 10. Nh4 a6 11. a4 Nb3 12. Ra3 Nxc1 13. Rxc1 Ng4 14. e3 Ne5 15.
Qe2 Qe8 16. Nf3 h6 17. a5 g5 18. Na4 Nd7 19. Ne1 f4 20. exf4 gxf4 21. Nd3 fxg3
22. hxg3 Ne5 23. Nb6 Bg4 24. Qd2 Nxd3 25. Rxd3 Rd8 26. Rf1 Qg6 27. Re3 Rf7 28.
Be4 Qf6 29. b4 Qd4 30. Bd3 Bf3 31. Qe1 Be5 32. Be4 Bg4 33. Rd3 Qb2 34. Qe3 Kg7
35. bxc5 dxc5 36. Na4 Qe2 37. Nxc5 Qxe3 38. fxe3 Rxf1+ 39. Kxf1 Rc8 40. Ne6+
Kf6 41. Rd2 Bxg3 42. Rc2 Bxe6 43. dxe6 Kxe6 44. Bxb7 Rc5 45. Bxa6 Rxa5 46. Bb5
h5 47. Kg2 Be1 48. Kf3 Ra7 49. Ke4 Rc7 50. Rg2 Kf6 51. Rg1 Bb4 52. Kd3 Rc5 53.
Be8 h4 54. Rg6+ Kf5 55. Rb6 Ba5 56. Rh6 Kg4 57. Bd7+ Kg3 58. Rg6+ Kf2 59. Bh3
Bc7 60. Rg2+ Kf3 61. Rg8 Bd6 62. Rg4 Rh5 63. Rg6 Rc5 64. Rg4 1/2-1/2

[Event "XXVIII Festival Conca della Presolana 1N"]
[Site "Bratto - Castione della Presolana ITA"]
[Date "2008.08.23"]
[Round "1"]
[White "Sala, Giovanni"]
[Black "Regorda, Vittorio"]
[Result "1-0"]
[WhiteElo "1970"]
[BlackElo "1859"]
[PlyCount "79"]
[EventDate "2008.08.23"]

1. Nf3 Nf6 2. g3 d5 3. Bg2 c5 4. O-O Nc6 5. d3 e6 6. Nbd2 Be7 7. e4 dxe4 8.
dxe4 e5 9. c3 O-O 10. Re1 Bg4 11. h3 Be6 12. Bf1 Qc8 13. Kh2 Rd8 14. Qc2 h6 15.
Nc4 Qc7 16. a4 Rd7 17. Be3 Rad8 18. Nfd2 Nh7 19. f4 exf4 20. Bxf4 Qc8 21. Nf3
Ng5 22. Nxg5 hxg5 23. Be3 Qc7 24. Rad1 Ne5 25. Nxe5 Qxe5 26. Rxd7 Rxd7 27. c4
Bd6 28. Bf2 g6 29. Re3 f6 30. Be1 g4 31. Bc3 Qh5 32. Bxf6 gxh3 33. e5 Bf5 34.
Bd3 Be7 35. Bxf5 Qxf5 36. Qxf5 gxf5 37. Bxe7 Rxe7 38. Kxh3 Kf7 39. Kg2 Rd7 40.
e6+ 1-0

[Event "XXVIII Festival Conca della Presolana 1N"]
[Site "Bratto - Castione della Presolana ITA"]
[Date "2008.08.23"]
[Round "1"]
[White "Scarpellini, Felice"]
[Black "Jones, Alessandro"]
[Result "1/2-1/2"]
[WhiteElo "1857"]
[BlackElo "1968"]
[PlyCount "39"]
[EventDate "2008.08.23"]

1. c4 c6 2. Nc3 d5 3. cxd5 cxd5 4. d4 Nf6 5. Bg5 e6 6. Nf3 Be7 7. e3 Nc6 8. a3
Qb6 9. Qc2 O-O 10. Bd3 h6 11. Bxf6 Bxf6 12. O-O Rd8 13. Rac1 Bd7 14. b4 Ne7 15.
Na4 Bxa4 16. Qxa4 Rac8 17. Rc5 a6 18. Rfc1 Rxc5 19. Rxc5 Nc6 20. b5 1/2-1/2

[Event "XXVIII Festival Conca della Presolana 1N"]
[Site "Bratto - Castione della Presolana ITA"]
[Date "2008.08.23"]
[Round "1"]
[White "Stella, Luca"]
[Black "Sala, Marcello"]
[Result "1-0"]
[WhiteElo "1894"]
[BlackElo "1831"]
[PlyCount "79"]
[EventDate "2008.08.23"]

1. e4 c5 2. Nf3 a6 3. Nc3 Nc6 4. d4 cxd4 5. Nxd4 e5 6. Nb3 Bb4 7. Be2 Nf6 8.
Bf3 d6 9. O-O Bxc3 10. bxc3 Be6 11. Ba3 d5 12. exd5 Bxd5 13. Re1 Bxf3 14. Qxf3
Qd5 15. Qxd5 Nxd5 16. Na5 O-O-O 17. Nxc6 bxc6 18. c4 Nb6 19. Be7 Rd7 20. Rxe5
Nxc4 21. Rc5 Rxe7 22. Rxc4 Kc7 23. Ra4 Rhe8 24. g3 Re1+ 25. Rxe1 Rxe1+ 26. Kg2
Re2 27. Rxa6 Kb7 28. Ra4 Rxc2 29. Re4 Rxa2 30. Re7+ Kb6 31. Rxf7 Ra7 32. Rf8 c5
33. Kf3 Re7 34. Rb8+ Kc6 35. g4 c4 36. h4 c3 37. Rb3 Rf7+ 38. Kg3 Kd5 39. Rxc3
Ke5 40. Ra3 1-0

[Event "XXVIII Festival Conca della Presolana 1N"]
[Site "Bratto - Castione della Presolana ITA"]
[Date "2008.08.23"]
[Round "1"]
[White "Viglino, Antonio"]
[Black "Melone, Antonio"]
[Result "0-1"]
[WhiteElo "1862"]
[BlackElo "1718"]
[PlyCount "88"]
[EventDate "2008.08.23"]

1. d4 Nf6 2. c4 c5 3. d5 d6 4. Nc3 g6 5. e4 Bg7 6. h3 O-O 7. Bd3 e6 8. Nge2
exd5 9. cxd5 a6 10. a4 Nbd7 11. O-O Re8 12. Ng3 Rb8 13. Be3 Qc7 14. f4 c4 15.
Bc2 b6 16. Qf3 Bb7 17. Rad1 Ba8 18. e5 dxe5 19. f5 b5 20. axb5 axb5 21. fxg6
hxg6 22. Nce4 Rf8 23. Ng5 b4 24. Nf5 gxf5 25. Bxf5 Rb5 26. Qg3 Rxd5 27. Nh7 Nh5
28. Qg4 Ndf6 29. Nxf6+ Nxf6 30. Qg3 Rxd1 31. Rxd1 Qb7 32. Rd2 c3 33. bxc3 bxc3
34. Rc2 Nh5 35. Qh4 Nf6 36. Bg5 Qb6+ 37. Kh2 Re8 38. Rxc3 Kf8 39. Be3 Qa6 40.
Bc5+ Kg8 41. Rg3 Rb8 42. Qg5 Ne8 43. Qh5 Nf6 44. Qh6 Ng4+ 0-1

[Event "XXVIII Festival Conca della Presolana 1N"]
[Site "Bratto - Castione della Presolana ITA"]
[Date "2008.08.24"]
[Round "2"]
[White "Acunzo, Domenico"]
[Black "Romano, Zeno"]
[Result "0-1"]
[WhiteElo "1787"]
[BlackElo "1948"]
[PlyCount "62"]
[EventDate "2008.08.23"]

1. e4 e5 2. f4 Bc5 3. Nf3 d6 4. c3 Qe7 5. fxe5 dxe5 6. Qc2 Nf6 7. b4 Bb6 8. a4
a6 9. Na3 O-O 10. Nc4 Ba7 11. Ncxe5 Nbd7 12. d4 Nxe5 13. Nxe5 b6 14. Bd3 Bb7
15. O-O c5 16. b5 cxd4 17. cxd4 Rac8 18. Qe2 axb5 19. axb5 Bb8 20. Nc4 Nxe4 21.
Ba3 Bxh2+ 22. Kxh2 Qh4+ 23. Kg1 Ng3 24. Bxh7+ Qxh7 25. Qg4 Qh1+ 26. Kf2 Qxg2+
27. Ke3 Nxf1+ 28. Kd3 Qxg4 29. Bxf8 Qf3+ 30. Kc2 Rxc4+ 31. Kb2 Qc3+ 0-1

[Event "XXVIII Festival Conca della Presolana 1N"]
[Site "Bratto - Castione della Presolana ITA"]
[Date "2008.08.24"]
[Round "2"]
[White "Autino, Massimiliano"]
[Black "Franzini, Stefano"]
[Result "1/2-1/2"]
[WhiteElo "1809"]
[BlackElo "1860"]
[PlyCount "89"]
[EventDate "2008.08.23"]

1. d4 d5 2. Nf3 e6 3. e3 c5 4. c3 Nc6 5. Bd3 Nf6 6. Nbd2 Be7 7. O-O Qc7 8. dxc5
Bxc5 9. e4 O-O 10. exd5 exd5 11. Nb3 Bd6 12. h3 h6 13. Re1 a6 14. Nfd4 Ne5 15.
Bf5 Re8 16. Bxc8 Raxc8 17. Nf5 Nd3 18. Re3 Bh2+ 19. Kf1 Rxe3 20. Nxe3 Nxc1 21.
Rxc1 Re8 22. Qf3 Bf4 23. Re1 Bg5 24. Kg1 Qd6 25. Nd4 Qb6 26. b4 Qc7 27. Nec2
Ne4 28. Na3 Rd8 29. Nb1 Bf6 30. Qd3 Qf4 31. Qe3 Qh4 32. Nf5 Qh5 33. Ng3 Nxg3
34. Qxg3 Qf5 35. Qe3 Qc2 36. a3 d4 37. cxd4 Bxd4 38. Qe2 Qxe2 39. Rxe2 Bf6 40.
Rd2 Rxd2 41. Nxd2 Bb2 42. Nc4 Bc3 43. b5 axb5 44. Nd6 b4 45. axb4 1/2-1/2

[Event "XXVIII Festival Conca della Presolana 1N"]
[Site "Bratto - Castione della Presolana ITA"]
[Date "2008.08.24"]
[Round "2"]
[White "Barrera, Pietro"]
[Black "Guzzetti, Luigi Enrico"]
[Result "0-1"]
[WhiteElo "1881"]
[BlackElo "1739"]
[PlyCount "84"]
[EventDate "2008.08.23"]

1. d4 Nf6 2. Nf3 g6 3. Bg5 Bg7 4. e3 d6 5. Bd3 Nbd7 6. Nbd2 a6 7. c3 O-O 8. Qc2
c5 9. O-O b5 10. b3 Bb7 11. Rad1 Rc8 12. Qb1 Qb6 13. e4 h6 14. Be3 Ng4 15. dxc5
dxc5 16. c4 Nxe3 17. fxe3 b4 18. Rf2 Nf6 19. h3 Rcd8 20. Nh4 Qd6 21. Ndf3 Bxe4
22. Rfd2 Bxd3 23. Rxd3 Qc7 24. e4 Nh5 25. Qc1 Rxd3 26. Rxd3 Nf4 27. Rd2 Bc3 28.
Rc2 Kh7 29. Qe3 Qd6 30. Rf2 e5 31. Kh2 Ne6 32. g3 Kg7 33. Rg2 Rd8 34. g4 Nf4
35. Rg3 a5 36. g5 h5 37. Rg1 Bd4 38. Nxd4 cxd4 39. Qf3 d3 40. Rg3 Qd4 41. Ng2
Nxg2 42. Qf6+ Kg8 0-1

[Event "XXVIII Festival Conca della Presolana 1N"]
[Site "Bratto - Castione della Presolana ITA"]
[Date "2008.08.24"]
[Round "2"]
[White "Bonoldi, Fabio"]
[Black "Rota, Simone"]
[Result "0-1"]
[WhiteElo "1902"]
[BlackElo "1834"]
[PlyCount "102"]
[EventDate "2008.08.23"]

1. c4 Nf6 2. g3 e6 3. Bg2 d5 4. cxd5 exd5 5. e3 c6 6. Ne2 Bd6 7. Nbc3 O-O 8.
O-O Bf5 9. d3 Re8 10. b3 Na6 11. Bb2 Nc5 12. Nc1 Qd7 13. N3e2 Qe7 14. Nd4 Bg6
15. Qd2 Nfd7 16. Nf3 h6 17. Nh4 Bh7 18. d4 Ne4 19. Qe2 a5 20. Nd3 a4 21. Nf3
Ra6 22. Nfe5 a3 23. Bc1 Nxe5 24. Bxe4 Bxe4 25. dxe5 Bxd3 26. Qxd3 Qxe5 27. Bd2
h5 28. Bc3 Qe4 29. Qxe4 Rxe4 30. Rfd1 Ra8 31. Rac1 f6 32. h4 Kf7 33. Kg2 g5 34.
hxg5 fxg5 35. Rh1 h4 36. Bd4 Rg8 37. f3 Re6 38. g4 Kg6 39. Rhe1 Rge8 40. Bb6
Bb4 41. Red1 Rc8 42. Bd4 Bd6 43. Rd3 Rce8 44. Kh3 R8e7 45. Bb6 Rf7 46. Rf1 Ref6
47. f4 gxf4 48. Bd8 Re6 49. exf4 Rxf4 50. Rxf4 Bxf4 51. Bxh4 Re2 0-1

[Event "XXVIII Festival Conca della Presolana 1N"]
[Site "Bratto - Castione della Presolana ITA"]
[Date "2008.08.24"]
[Round "2"]
[White "Calcagno, Stefano"]
[Black "Rozzoni, Davide"]
[Result "1-0"]
[WhiteElo "1861"]
[BlackElo "1861"]
[PlyCount "39"]
[EventDate "2008.08.23"]

1. b3 Nh6 2. Bb2 f6 3. e3 d5 4. c4 e6 5. Nc3 c6 6. Nf3 Bd6 7. Qc2 O-O 8. Be2
Na6 9. a3 Nc7 10. d4 Bd7 11. e4 dxe4 12. Nxe4 Be7 13. Bc1 Nf7 14. h4 f5 15.
Neg5 Bf6 16. Bd3 Be8 17. Bf4 Bxd4 18. Bxc7 Bxf2+ 19. Kxf2 Qxc7 20. Nxe6 1-0